• 首页
  • 本馆介绍
  • 公告通知
  • 最新文献
  • 馆藏检索
  • 电子资源
  • 读者导购
  • 参考咨询
  • 我的图书馆
  • 登录
  • 详细信息显示
  • 放入我的书架
  • 预约/预借图书
  • 作者相关作品
  • 分类相关作品
  • 丛书相关作品
  • 出版社相关作品

书目信息

  • 表格格式
  • 工作单格式
  • 卡片格式
题名:
有机化学
    
 
作者: ;燃料化学工业出版社 编
分册:  
出版信息: 北京   燃料化学工业出版社  1974
页数: 199页
开本: 20cm
丛书名:
单 册:
中图分类: O62
科图分类:
主题词: 有机化学
电子资源:
ISBN:
000 00569nam0 2200193 450
001 0637157504
005 20060518102055.87
010    @dCNY0.46
100    @a20060518d1974 km y0chiy0120 ea
101 0  @achi
200 1  @a有机化学@Ayou ji hua xue@f燃料化学工业出版社编@Fran liao hua xue gong ye chu ban she bian
205    @a新1版
210    @a北京@c燃料化学工业出版社@d1974
215 1  @a199页@d20cm
606 0  @a有机化学
690    @aO62@v4
711  0 @a燃料化学工业出版社@Aran liao hua xue gong ye chu ban she@4编
801  0 @aCN@bPFT@c20060518
905    @a10447@dO62@e10
    
    有机化学/燃料化学工业出版社编.-新1版.-北京:燃料化学工业出版社,1974
    199页;20cm
    
    
    ISBN :CNY0.46
    
●
相关链接 在E读中查询图书 在五车中查询图书 在当当中查询图书 在豆瓣中查询图书


正题名:有机化学     索取号:O62/10         预约/预借

序号 登录号 条形码 馆藏地/架位号 状态 备注
1 0013303   202348290   密集书库/ [索取号:O62/10] 在馆    
2 0016398   202348334   密集书库/ [索取号:O62/10] 在馆    
唐山师范学院图书馆 欢迎您!
大连网信软件有限公司© 版权所有